000 00441nam a2200181Ia 4500
003 GCL
008 140319s9999 xx 000 0 eng d
040 _aGCL /
_cGCL
082 0 4 _a949.61
_bM L
100 1 _aMOURAD, KENIZE
245 1 0 _aLIVING IN ISTANBUL /
_cMOURAD, KENIZE
260 _a[S.N] :
_bFLAMMARION ،
_c1994
300 _a255 P
650 0 4 _aTURKEY
650 0 4 _aISTANBUL
650 0 4 _aLIVING IN ISTANBUL
942 _2ddc
_cBK
999 _c12059
_d12059